| 000 | 00466nom a22001937a 4500 | ||
|---|---|---|---|
| 005 | 20230908091006.0 | ||
| 008 | 170116b xxu||||| |||| 00| 0 spa d | ||
| 041 | _aspa | ||
| 082 | _aGlobo ocular | ||
| 245 | _aGlobo ocular | ||
| 260 | _c2016 | ||
| 300 | _bTamaño normal | ||
| 500 | _aSe prestan para el mismo día, hasta las 7:50 pm | ||
| 650 |
_aOJO _925080 |
||
| 650 | _aVISIÓN | ||
| 650 |
_aOCULAR _963610 |
||
| 650 | _aMODELOS ANATÓMICOS | ||
| 942 | _cMA | ||
| 999 |
_c8751 _d8751 |
||